<?xml version="1.0" encoding="UTF-8"?>
<record
    xmlns:xsi="http://www.w3.org/2001/XMLSchema-instance"
    xsi:schemaLocation="http://www.loc.gov/MARC21/slim http://www.loc.gov/standards/marcxml/schema/MARC21slim.xsd"
    xmlns="http://www.loc.gov/MARC21/slim">

  <leader>01649naa a2200265 i 4500</leader>
  <controlfield tag="001">BPP</controlfield>
  <controlfield tag="003">BPK</controlfield>
  <controlfield tag="005">20180213152636.0</controlfield>
  <controlfield tag="008">151110s2000    pl     f     |100 p pol</controlfield>
  <datafield tag="040" ind1=" " ind2=" ">
    <subfield code="c">BPK</subfield>
  </datafield>
  <datafield tag="080" ind1=" " ind2=" ">
    <subfield code="a">004.932</subfield>
  </datafield>
  <datafield tag="100" ind1=" " ind2=" ">
    <subfield code="a">DZIURA, Stanis&#x142;aw.</subfield>
    <subfield code="d">1996 - .</subfield>
    <subfield code="b">Politechnika Koszali&#x144;ska - Wydzia&#x142; Elektroniki,</subfield>
    <subfield code="c">Katedra Element&#xF3;w i Miernictwa Elektronicznego</subfield>
  </datafield>
  <datafield tag="245" ind1=" " ind2=" ">
    <subfield code="a">Zastosowanie dekonwolucji dwuwymiarowej w przetwarzaniu obraz&#xF3;w termicznych /</subfield>
    <subfield code="c">Stanis&#x142;aw Dziura, Zbigniew Suszy&#x144;ski.</subfield>
  </datafield>
  <datafield tag="260" ind1=" " ind2=" ">
    <subfield code="c">2000.</subfield>
  </datafield>
  <datafield tag="500" ind1=" " ind2=" ">
    <subfield code="a">sprawozdanie jednostki (Informator o publikowanych wynikach prac naukowo-badawczych w 2000 roku Wydzia&#x142;u Elektroniki).</subfield>
  </datafield>
  <datafield tag="520" ind1=" " ind2=" ">
    <subfield code="a">W artykule prezentuje si&#x119; dekonwolucyjn&#x105; metod&#x119; poprawy rozdzielczo&#x15B;ci obraz&#xF3;w termicznych zarejestrowanych kamer&#x105; termowizyjn&#x105;. Obrazy te charakteryzuj&#x105; si&#x119; stosunkowo ma&#x142;&#x105; rozdzielczo&#x15B;ci&#x105; przestrzenn&#x105;. Zaproponowano wykorzystanie operacji dekonwolucji z funkcj&#x105; wagi w postaci dwuwymiarowej funkcji Gaussa. Do rozwi&#x105;zania problemu zastosowano metod&#x119; algebraiczn&#x105;. Wyniki uzyskano poprzez symulacj&#x119; obraz&#xF3;w tranzystora bipolarnego zarejestrowanego w podczerwieni.</subfield>
  </datafield>
  <datafield tag="650" ind1=" " ind2="0">
    <subfield code="a">Przetwarzanie obraz&#xF3;w.</subfield>
  </datafield>
  <datafield tag="650" ind1=" " ind2="0">
    <subfield code="a">Symulacja.</subfield>
  </datafield>
  <datafield tag="650" ind1=" " ind2="0">
    <subfield code="a">Tranzystory.</subfield>
  </datafield>
  <datafield tag="655" ind1=" " ind2="0">
    <subfield code="a">Materia&#x142;y konferencyjne.</subfield>
  </datafield>
  <datafield tag="773" ind1=" " ind2=" ">
    <subfield code="i">W :</subfield>
    <subfield code="t">II Konferencja Grantowa Metrologia. -</subfield>
    <subfield code="d">Rzesz&#xF3;w, 2000. -</subfield>
    <subfield code="g">s. 19-24</subfield>
  </datafield>
  <datafield tag="700" ind1=" " ind2=" ">
    <subfield code="a">SUSZY&#x143;SKI, Zbigniew.</subfield>
    <subfield code="d">1996 - .</subfield>
    <subfield code="b">Politechnika Koszali&#x144;ska - Wydzia&#x142; Elektroniki,</subfield>
    <subfield code="c">Katedra Elektroniki Cia&#x142;a Sta&#x142;ego</subfield>
  </datafield>
  <datafield tag="711" ind1=" " ind2=" ">
    <subfield code="a">Metrologia 2000</subfield>
    <subfield code="n">(2 ;</subfield>
    <subfield code="d">2000 ;</subfield>
    <subfield code="c">Rzesz&#xF3;w / Jawor, Polska).</subfield>
  </datafield>
  <datafield tag="942" ind1=" " ind2=" ">
    <subfield code="c">ART</subfield>
    <subfield code="2">UKD</subfield>
  </datafield>
  <datafield tag="999" ind1=" " ind2=" ">
    <subfield code="c">232</subfield>
    <subfield code="d">232</subfield>
  </datafield>
</record>
